[Event "BRA-ch Regional Sul"]
[Site "Lages"]
[Date "2019.10.19"]
[Round "3"]
[White "Santana Freitas, Maria Eduarda"]
[Black "De Dea, Fernando Jose Perei"]
[Result "0-1"]
[WhiteElo "1442"]
[BlackElo "1800"]
[PlyCount "102"]
[EventDate "2019.10.18"]
[EventType "swiss"]
[EventRounds "5"]
[EventCountry "BRA"]
[SourceTitle "CBM 195 Extra"]
[Source "ChessBase"]
[SourceDate "2020.05.31"]
[SourceVersion "1"]
[SourceVersionDate "2020.05.31"]
[SourceQuality "1"]

1. e4 e5 2. Nf3 Nc6 3. Bc4 Nf6 4. d3 h6 5. c3 Bc5 6. Bb3 d6 7. h3 0-0 8. 0-0 Be6 9. Bc2 Bb6 10. Re1 Ne7 11. d4 exd4 12. cxd4 c5 13. d5 Bd7 14. Bf4 Bc7 15. Nc3 Ng6 16. Bxd6 Bxd6 17. e5 Nxe5 18. Nxe5 Re8 19. Nxd7 Qxd7 20. Rxe8+ Rxe8 21. Ba4 Qe7 22. Bxe8 Qxe8 23. Qe2 Qe5 24. Qxe5 Bxe5 25. Rd1 a6 26. d6 Nd7 27. Re1 Kf8 28. Ne4 b6 29. b3 g6 30. g4 Ke8 31. Nxc5 Nxc5 32. Rxe5+ Ne6 33. Kf1 Kd7 34. Rd5 Nf4 35. Rd4 Nxh3 36. f4 g5 37. f5 b5 38. a4 Nf4 39. axb5 axb5 40. Rb4 Kxd6 41. Rxb5 Nd5 42. Kf2 Nc3 43. Rb6+ Ke5 44. Rxh6 Kf4 45. Rf6 Ne4+ 46. Kg2 Nxf6 47. Kh3 Nxg4 48. b4 Nf6 49. b5 Nd7 50. Kg2 Kxf5 51. Kg3 g4 0-1

[Event "BRA-ch Regional Sul"]
[Site "Lages"]
[Date "2019.10.18"]
[Round "1"]
[White "Borges, Paulo Felipe Rosa"]
[Black "De Dea, Fernando Jose Perei"]
[Result "1/2-1/2"]
[WhiteElo "1522"]
[BlackElo "1800"]
[PlyCount "67"]
[EventDate "2019.10.18"]
[EventType "swiss"]
[EventRounds "5"]
[EventCountry "BRA"]
[SourceTitle "CBM 195 Extra"]
[Source "ChessBase"]
[SourceDate "2020.05.31"]
[SourceVersion "1"]
[SourceVersionDate "2020.05.31"]
[SourceQuality "1"]

1. e4 e5 2. Nf3 Nc6 3. d4 exd4 4. Bc4 Nf6 5. e5 d5 6. Bb5 Ne4 7. Nxd4 Bd7 8. Nxc6 bxc6 9. Be2 Bc5 10. 0-0 0-0 11. Nd2 Nxd2 12. Bxd2 Rb8 13. Rb1 Bd4 14. Be3 Bxe5 15. Bxa7 Rxb2 16. Rxb2 Bxb2 17. Bc5 Re8 18. Bg4 Be5 19. Bd4 Bxg4 20. Qxg4 Bxd4 21. Qxd4 Re2 22. Qd3 Qe7 23. Rb1 Re1+ 24. Rxe1 Qxe1+ 25. Qf1 Qd2 26. Qb1 g6 27. g3 h5 28. Qb8+ Kg7 29. Qxc7 Qe1+ 30. Kg2 Qe4+ 31. Kg1 Qxc2 32. Qe5+ Kg8 33. Qe8+ Kg7 34. Qe5+ 1/2-1/2

[Event "BRA-ch Regional Sul"]
[Site "Lages"]
[Date "2019.10.18"]
[Round "2"]
[White "De Dea, Fernando Jose Perei"]
[Black "Barbosa, Kassio Rodrigo"]
[Result "1-0"]
[WhiteElo "1800"]
[BlackElo "1550"]
[PlyCount "118"]
[EventDate "2019.10.18"]
[EventType "swiss"]
[EventRounds "5"]
[EventCountry "BRA"]
[SourceTitle "CBM 195 Extra"]
[Source "ChessBase"]
[SourceDate "2020.05.31"]
[SourceVersion "1"]
[SourceVersionDate "2020.05.31"]
[SourceQuality "1"]

1. e4 c5 2. Nf3 e6 3. d4 cxd4 4. Nxd4 Nc6 5. Be3 a6 6. Be2 Qc7 7. 0-0 Nf6 8. Nc3 Bb4 9. f3 Bxc3 10. bxc3 0-0 11. Qe1 d5 12. Nxc6 bxc6 13. exd5 cxd5 14. Rb1 Bd7 15. Bg5 Rfc8 16. Qh4 Qxc3 17. Rb3 Qe5 18. Bd3 h6 19. Bf4 Qd4+ 20. Kh1 g5 21. Bxg5 Qxh4 22. Bxh4 Kg7 23. Rfb1 Ba4 24. R3b2 Bb5 25. Kg1 Bxd3 26. cxd3 Nd7 27. Bf2 Rab8 28. Rxb8 Rxb8 29. Rxb8 Nxb8 30. Kf1 e5 31. Ke2 d4 32. a3 a5 33. f4 f6 34. Kf3 Kf7 35. f5 a4 36. Ke4 Nc6 37. Kd5 Ne7+ 38. Ke4 Kg7 39. Be1 h5 40. h3 Nc6 41. Kd5 Ne7+ 42. Ke6 Ng8 43. Bh4 Kf8 44. g4 hxg4 45. hxg4 Kg7 46. g5 fxg5 47. Bxg5 e4 48. dxe4 d3 49. e5 Kf8 50. f6 Ke8 51. f7+ Kf8 52. fxg8Q+ Kxg8 53. Kd7 Kf7 54. e6+ Kg6 55. Bd2 Kf5 56. e7 Ke5 57. e8Q+ Kd5 58. Kc8 Kd4 59. Qc6 Ke5 1-0